00871nam a2200241 a 450000100060000000300080000600500170001400800410003103500190007204000350009104100080012608200280013410000270016224500780018926000490026730000350031650000810035150400510043265000320048365100360051565100320055171000460058345255BD-RjUL20211209054003.0160725s1965 enka b 001 0 eng  a(BD-RjUL)45373 dBD-RjULaBD-RjULbengcBD-RjUL aeng a338.95496223bMIF 19651 aMihaly, Eugene Bramer.10aForeign aid and politics in Nepal :ba case study /cEugene Bramer Mihaly aNew York :bOxford University Press,cc1965. aviii, 202 p. :bill. ;c22 cm. a"Issued under the auspices of the Royal Institute of International Affairs." aIncludes index and Bibliography: p. [195]-199. 0aEconomic assistancezNepal. 0aNepalxPolitics and government. 0aNepalxEconomic conditions.2 aRoyal Institute of International Affairs.